| 000 | 01668nam a22002415i 4500 | ||
|---|---|---|---|
| 001 | 158889 | ||
| 003 | ES-MaACL | ||
| 005 | 20250921063034.0 | ||
| 008 | 990701s1839 sp |||| | spa d | ||
| 040 |
_aCLM _bspa _cCCPB | 3D |
||
| 100 | 1 |
_aMartín Carramolino, Juan, _d1805-1884 _977431 |
|
| 245 | 1 | 0 |
_aMétodo actual de la sustanciación civil y criminal en la jurisdicción real ordinaria _b: o compilación lógica y metódica por el orden de materias, y de las atribuciones de cada funcionario en la administración de justicia, que comprende todos los procedimientos judiciales, dictados o restablecidos desde la publicación del Reglamento provisional de 1835 hasta fin de diciembre de 1838 / _cpublícalo Juan Martín Carramolino. |
| 250 | _a2ª ed. | ||
| 260 |
_aMadrid : _b[s.n.], _c1839 ( _fImprenta del Colegio de Sordo-Mudos) |
||
| 300 |
_a240 p. ; _c22 cm. |
||
| 505 | 8 | _aContiene: Cuaderno 1. Comprende toda la sustanciación en el grado de Primera Instancia -- Cuaderno 2. Comprende la sustanciación de todas las instancias y demás recursos ordinarios y extraordinarios, de que conocen las audiencias territoriales -- Cuaderno 3. Comprende la sustanciación de las las instancias, negocios y recursos ordinarios y extraordinarios reservados al Tribunal Supremo de Justicia | |
| 530 | _aDisponible en formato digital. | ||
| 650 | 4 |
_aProcedimiento civil- _zEspaña- _vLegislación. _916422 |
|
| 650 | 4 |
_aProcedimiento penal- _zEspaña- _vLegislación. _916431 |
|
| 852 |
_aES-MaACL _jG-13028(1) _z-- Enc. pasta |
||
| 856 |
_uhttp://bdh-rd.bne.es/viewer.vm?id=0000147607&page=1 _zBiblioteca Digital Hispánica |
||
| 999 |
_c158889 _d158889 |
||